| 000 | 00633nam a2200217ra 4500 | ||
|---|---|---|---|
| 001 | 32522 | ||
| 003 | BD-RjUL | ||
| 005 | 20211209051842.0 | ||
| 008 | 140427s1962 ii b 00100 eng d | ||
| 035 | _a(BD-RjUL)32611 | ||
| 040 |
_aBD-RjUL _beng _cBD-RjUL |
||
| 041 | _aeng | ||
| 082 |
_a294.5211 _bGHG 1962 |
||
| 100 | 1 |
_aGhurye, G. S. _q(Govind Sadashiv), _d1893- _922192 |
|
| 245 | 1 | 0 |
_aGods and men / _cby G.S.Ghurye |
| 260 |
_aBombay : _bPopular Book Depot, _c1962. |
||
| 300 |
_ax,300 p. ; _c21cm. |
||
| 504 | _aIncludes Bibliographical references and index. | ||
| 651 | 0 |
_aIndia _xReligion _xHistory. _998952 |
|
| 942 |
_2ddc _cBK |
||
| 999 |
_c32522 _d32522 |
||